| 000 | 00342nam a22001337a 4500 | ||
|---|---|---|---|
| 082 |
_a595.7 _bFIG |
||
| 100 |
_aFiguier Louis _949891 |
||
| 245 |
_aThe Insect World _cLouis Figuier |
||
| 260 |
_aLondon _bCassell, Petter, & Galpin |
||
| 300 | _a538 p.: | ||
| 526 |
_a0 _b0 _c0 _d595_700000000000000_FIG |
||
| 650 |
_aMCE _9379 |
||
| 942 |
_2ddc _cBK |
||
| 999 |
_c552636 _d552636 |
||